The Blackwell handbook of strategic management (Record no. 404476)

000 -LEADER
fixed length control field 00570cam a22001817a 4500
008 - FIXED-LENGTH DATA ELEMENTS--GENERAL INFORMATION
fixed length control field 180718b2005 xxu||||| |||| 00| 0 eng d
020 ## - INTERNATIONAL STANDARD BOOK NUMBER
International Standard Book Number 0631218610
082 ## - DEWEY DECIMAL CLASSIFICATION NUMBER
Classification number I5 H638
245 ## - TITLE STATEMENT
Title The Blackwell handbook of strategic management
Statement of responsibility, etc. edited by Michael A. Hitt, R. Edward Freeman and Jeffrey S. Harrison
260 ## - PUBLICATION, DISTRIBUTION, ETC.
Place of publication, distribution, etc. Oxford
Name of publisher, distributor, etc. Blackwell
Date of publication, distribution, etc. 2005
300 ## - PHYSICAL DESCRIPTION
Extent 716p.
440 ## - SERIES STATEMENT/ADDED ENTRY--TITLE
Title Handbooks in management
650 ## - SUBJECT ADDED ENTRY--TOPICAL TERM
Topical term or geographic name entry element Strategic planning
650 ## - SUBJECT ADDED ENTRY--TOPICAL TERM
Topical term or geographic name entry element Teams in workplace
700 ## - ADDED ENTRY--PERSONAL NAME
Personal name Harrison, Jeffrey S.
700 ## - ADDED ENTRY--PERSONAL NAME
Personal name Freeman, R. Edward
700 ## - ADDED ENTRY--PERSONAL NAME
Personal name Hitt, Michael A.
Holdings
Withdrawn status Lost status Damaged status Not for loan Permanent Location Current Location Date acquired Full call number Barcode Date last seen Price effective from Koha item type
        Indian Institute of Public Administration Indian Institute of Public Administration 2005-08-29 I5 H638 80477 2018-07-21 2018-07-21 Book

Powered by Koha